000 01018nam a2200289 i 4500
003 DO-SdBNP
005 20250509153055.0
007 ta
008 250509b2024 pr ||||| |||| 00| 0 spa d
020 _a9789945637489
040 _aDO-SdBNP
_bspa
_cBNPHU
_erda
041 _aspa
082 4 _axxx
_bxxx
_222
100 _aSantana Santana, Benjamín,
_d1947-
_eautor
_4aut-
_975689
245 1 0 _aÁnfora voz propia, voz ajena /
_cBenjamín Santana-Santana ; corrección, Alexis X. Bruno Mendoza ; prólogo, Héctor Rubén Cardona Santana
264 4 _aPuerto Rico :
_bEditorial Isla Negra,
_c©2024.
300 _a66 páginas ;
_c22 cm.
336 _atexto
_btxt
_2rdacontent
337 _asin mediación
_bn
_2rdamedia
338 _avolumen
_bnc
_2rdacarrier
490 _aColección Josemilio González
500 _aIncluye datos biográficos del autor en las solapas
590 _aInventariado, 2025/BT
700 1 _aBruno Mendoza, Alexis X.,
_ecorrector
_4corr.
_983402
910 _aBtavárez
942 _2ddc
_cLBS1
999 _c58992
_d58992